00703nam a22002052 4500001001100000005001700011008004100028020001700069040001500086100003300101245007700134250001300211260003700224300002900261650006200290650005100352651005600403700003500459852000300494000002071520151217152220.0111005s xx 000 0 eng d a0393928198 : aKABUcKABU1 aIyengar, Shanto.@000018123410aMedia politics :ba citizen's guide /cShanto Iyengar, Jennifer McGrady. a1st ed. aNew York :bW. W. Norton,c2007. axx, 361 p. +e1 CD-ROM. 0aMass mediaxPolitical aspectszUnited States.@0000181235 0aPress and politicszUnited States.@0000181236 0aUnited Statesxpolitics and government.@00001531741 aMcGrady, Jennifer.@00001812371